2026 World Cup - England Squad - Statistics

General Stats
  • This quiz has been taken 28 times
  • The average score is 23 of 26
Answer Stats
Hint Club Pos Answer % Correct
Arsenal Arsenal_FC.svg FW Bukayo Saka
100%
Manchester City Manchester_City_FC_badge.svg DF John Stones
100%
Real Madrid Real_Madrid_CF.svg MF Jude Bellingham
100%
Barcelona FC_Barcelona_%28crest%29.svg FW Marcus Rashford
100%
Arsenal Arsenal_FC.svg MF Declan Rice
96%
Bayern Munich FC_Bayern_M%C3%BCnchen_logo_%282024%29.svg FW Harry Kane
96%
Everton Everton_FC_logo.svg GK Jordan Pickford
96%
Newcastle United Newcastle_United_Logo.svg FW Anthony Gordon
92%
Aston Villa Aston_Villa_FC_new_crest.svg FW Ollie Watkins
92%
Crystal Palace Crystal_Palace_FC_logo_%282022%29.svg GK Dean Henderson
88%
Al-Ahli Al_Ahli_Saudi_FC_logo.svg FW Ivan Toney
88%
Brentford Brentford_FC_crest.svg MF Jordan Henderson
88%
Arsenal Arsenal_FC.svg FW Noni Madueke
88%
Newcastle United Newcastle_United_Logo.svg DF Dan Burn
85%
Manchester City Manchester_City_FC_badge.svg GK James Trafford
85%
Manchester United Manchester_United_FC_crest.svg MF Kobbie Mainoo
85%
Aston Villa Aston_Villa_FC_new_crest.svg MF Morgan Rogers
85%
Manchester City Manchester_City_FC_badge.svg DF Nico O'Reilly
85%
Aston Villa Aston_Villa_FC_new_crest.svg DF Ezri Konsa
81%
Bayer Leverkusen Bayer_04_Leverkusen_logo.svg DF Jarrell Quansah
81%
Manchester City Manchester_City_FC_badge.svg DF Marc Guehi
81%
Chelsea Chelsea_FC.svg DF Reece James
81%
Tottenham Hotspur Tottenham_Hotspur.svg DF Djed Spence
77%
Arsenal Arsenal_FC.svg MF Eberechi Eze
77%
Newcastle United Newcastle_United_Logo.svg DF Tino Livramento
77%
Nottingham Forest Nottingham_Forest_F.C._logo.svg MF Elliot Anderson
73%
No matching quizzes found
Score Distribution
Percent of People with Each Score
Percentile by Number Answered
Your Score History
You have not taken this quiz